[Event "London"]
[Site "London"]
[Date "1984.??.??"]
[Round "?"]
[White "Andersson, Ulf"]
[Black "Kortschnoj, Viktor"]
[Result "1/2-1/2"]
[WhiteElo "2630"]
[BlackElo "2635"]

1.Nf3 d5 2.d4 Nf6 3.c4 dxc4 4.Qa4+ Nfd7 5.Nc3 g6 6.Qxc4 Nb6 7.Qd3 Bg7 8.e4 Bg4
9.Be3 O-O 10.Be2 Nc6 11.Rd1 Qc8 12.Qc2 e5 13.d5 Bxf3 14.Bxf3 Nd4 15.Bxd4 exd4
16.Ne2 c6 17.dxc6 Qxc6 18.Qxc6 bxc6 19.e5 Rae8 20.Rxd4 c5 21.Rd2 Nc4 22.Rc2 Nxe5
23.b3 c4 24.O-O cxb3 25.axb3 Nxf3+ 26.gxf3 Rb8 27.Rb1 a5 28.Ra2 Rb5 29.Kg2 Rfb8
30.Ng3 Rd5 31.Ne4 Kf8 32.Rc1 Be5 33.Rc5 Rxc5 34.Nxc5 Rb5 35.Nd7+ Ke7 36.Nxe5 Rxe5
37.Rd2 Rb5 38.Rd3 Ke6 39.f4 Rd5 40.Rc3 Kd6 41.Rc8 Rb5 42.Rc3 f6 43.f3 Kd5
44.Kg3 Kd4 45.Rc7 Rxb3 46.Rxh7 a4 47.f5 g5 48.Ra7 a3 49.Ra6 Ke5 50.Ra5+  1/2-1/2

[Event "London"]
[Site "London"]
[Date "1984.??.??"]
[Round "?"]
[White "Andersson, Ulf"]
[Black "Mestel, A Jonathan"]
[Result "1/2-1/2"]
[WhiteElo "2630"]
[BlackElo "2540"]

1.Nf3 Nf6 2.c4 g6 3.g3 Bg7 4.Bg2 O-O 5.O-O d6 6.d4 Nbd7 7.Nc3 e5 8.e4 a6
9.h3 Re8 10.dxe5 Nxe5 11.Nxe5 dxe5 12.Be3 c6 13.Na4 Be6 14.Qc2 Nd7 15.Rad1 Qc7
16.c5 Rad8 17.b3 Nf8 18.Nb6 Nd7 19.Nc4 Bxc4 20.Qxc4 Nf8 21.h4 Ne6 22.Bh3 Qe7
23.Bxe6 Qxe6 24.Qxe6 fxe6 25.Kg2 Kf7 26.Kf3 Bf6 27.Ke2 h5 28.Rd3 Rxd3 29.Kxd3 Rd8+
30.Kc4 Be7 31.b4 g5 32.hxg5 Kg6 33.f4 Rf8 34.Rh1 Bd8 35.Kd3 Bc7 36.f5+ exf5
37.exf5+ Rxf5 38.Ke4 Rf8 39.Rd1 Rf7 40.a4 Rh7 41.Rd6+ Bxd6 42.cxd6 Rd7 43.Kxe5 Rd8
44.Bb6 Re8+ 45.Kf4 Rf8+ 46.Ke4 Re8+ 47.Kf3 Rf8+ 48.Ke4 Re8+ 49.Kf4 Rf8+ 50.Ke5 Re8+
51.Kd4 Re6 52.Bc7 Re1 53.Kc5 Rd1 54.Kb6 Kxg5 55.Kxb7 Kf5 56.Kxa6 Ke6 57.Kb7 Kd7
58.Bb6 Rd3 59.a5 Rxg3 60.a6 Rg8 61.a7 Kxd6 62.Bc7+ Kd5 63.Bb8 Rg7+ 64.Kb6 Rxa7
65.Bxa7 h4 66.Bb8 h3 67.Ka5 Kc4 68.Ka4 Kc3  1/2-1/2

[Event "London"]
[Site "London"]
[Date "1984.??.??"]
[Round "?"]
[White "Andersson, Ulf"]
[Black "Chandler, Murray G"]
[Result "0-1"]
[WhiteElo "2630"]
[BlackElo "2515"]

1.Nf3 d5 2.d4 c5 3.c4 e6 4.cxd5 exd5 5.g3 Nf6 6.Bg2 Be7 7.O-O O-O 8.dxc5 Bxc5
9.Bg5 Nc6 10.Nc3 d4 11.Bxf6 Qxf6 12.Nd5 Qd8 13.Nd2 Re8 14.Rc1 Bb6 15.Re1 Be6
16.Nf4 Qd7 17.Nxe6 Qxe6 18.Nc4 Rad8 19.a3 Ne5 20.Nxe5 Qxe5 21.Qd3 Re7 22.Rc4 g6
23.Bf3 Kg7 24.b4 h5 25.a4 a6 26.a5 Ba7 27.Rb1 h4 28.b5 axb5 29.Rcb4 Rc8 30.Rxb5 Qf6
31.Qd2 Rc3 32.Qf4 Qxf4 33.gxf4 d3 34.e3 d2 35.Rd1 Bxe3 36.fxe3 Rexe3 37.Bg4 f5
38.Rxb7+ Kh6 39.Rxd2 fxg4 40.Rdd7 Rc1+ 41.Kf2 Rf3+ 42.Ke2 Rxf4 43.a6 Rc2+  0-1

[Event "London"]
[Site "London"]
[Date "1984.??.??"]
[Round "?"]
[White "Torre, Eugenio"]
[Black "Andersson, Ulf"]
[Result "1/2-1/2"]
[WhiteElo "2565"]
[BlackElo "2630"]

1.d4 Nf6 2.c4 e6 3.Nc3 Bb4 4.e3 c5 5.Ne2 d5 6.a3 Bxc3+ 7.Nxc3 cxd4 8.exd4 dxc4
9.Bxc4 O-O 10.O-O Nc6 11.Be3 b6 12.Qd3 Bb7 13.Rad1 h6 14.Ba2 Ne7 15.Bf4 Nfd5
16.Bb1 Ng6 17.Bg3 Nxc3 18.bxc3 Qd5 19.f3 Rac8 20.Rc1 Rfd8 21.Rfd1 Qb3 22.c4 Qxd3
23.Bxd3 Ne7 24.Be4 Rd7 25.a4 Kf8 26.c5 Bxe4 27.fxe4 Ke8 28.Bd6 bxc5 29.dxc5 f6
30.e5 Rc6 31.Rf1 Kf7 32.g4 Nc8 33.exf6 Nxd6 34.fxg7+ Kxg7 35.cxd6 Rdxd6 36.Rxc6 Rxc6
37.Rf4 e5 38.Rb4 Kf6 39.Kf2 Kg5 40.Re4 Kh4 41.Rxe5 Kxg4 42.Ra5 a6 43.Kg2 Rd6
44.Rc5 Rd2+ 45.Kg1 Rd4 46.Rc6 Rxa4 47.Rxh6 a5 48.Kf2 Re4 49.Ra6 Re5 50.Ra8  1/2-1/2

[Event "URS-World"]
[Site "London"]
[Date "1984.??.??"]
[Round "1.1"]
[White "Karpov, Anatoly"]
[Black "Andersson, Ulf"]
[Result "1-0"]
[WhiteElo "2705"]
[BlackElo "2630"]

1.d4 Nf6 2.c4 e6 3.Nf3 Bb4+ 4.Bd2 Bxd2+ 5.Qxd2 O-O 6.Nc3 d5 7.e3 Nbd7 8.cxd5 exd5
9.Bd3 Re8 10.O-O Ne4 11.Qe2 Ndf6 12.b4 c6 13.Ne5 Bf5 14.Na4 g6 15.Qb2 a6
16.Rfc1 Re7 17.Nc5 Nxc5 18.bxc5 Bxd3 19.Nxd3 Rc8 20.Rc3 Rcc7 21.Rb3 Ne8 22.Qe2 f6
23.Qf3 Rf7 24.Kf1 Ng7 25.Ke2 Rce7 26.Kd1 Qc8 27.Rab1 h5 28.h3 Ne6 29.h4 Kh7
30.Qh3 Qe8 31.Kc2 Rd7 32.Kb2 Ng7 33.Nf4 Rfe7 34.Ka1 Qf7 35.Rg1 Ne6 36.Nd3 Ng7
37.g4 hxg4 38.Rxg4 Nh5 39.Rb1 Qe6 40.Qf3 Rg7 41.Rbg1 Rde7 42.Kb2 Kh6 43.Kc3 Qf7
44.Nf4 Nxf4 45.Rxf4 Re6 46.Kd2 Qe7 47.Ke2 Kh7 48.Kf1 Kh6 49.Rg3 Kh7 50.Rfg4 Qf7
51.Rf4 Kh6 52.Kg1 Kh7 53.Kh2 Kh6 54.Qg2 Kh7 55.Kg1 Re8 56.Qf3 Rf8 57.Kf1 Qe7
58.Qd1 Qe8 59.Qb1 Kh6 60.Ke2 Qd8 61.Rfg4 Rfg8 62.Kf1 Qe8 63.Qd1 Qe6 64.Qf3 Rf7
65.Kg1 Rfg7 66.a3 Re7 67.Kh2 Rf7 68.Rf4 Kh7 69.Qd1 Kh6 70.Qd3 Qe8 71.e4 dxe4
72.Rxe4 Qd7 73.Qe3+ Kh7 74.Re6 Rgg7 75.Rf3 f5 76.h5 gxh5 77.Qh6+ Kg8 78.Rfe3 Qc7+
79.Kh3 Re7 80.Rxe7 Rxe7 81.Qg6+ Kf8 82.Qf6+ Ke8 83.Qh8+ Kd7 84.Rxe7+ Kxe7
85.Qg7+  1-0

[Event "URS-World"]
[Site "London"]
[Date "1984.??.??"]
[Round "3.1"]
[White "Karpov, Anatoly"]
[Black "Andersson, Ulf"]
[Result "1/2-1/2"]
[WhiteElo "2705"]
[BlackElo "2630"]

1.Nf3 Nf6 2.c4 e6 3.d4 d5 4.Nc3 Be7 5.Bg5 O-O 6.e3 Nbd7 7.Rc1 c6 8.Bd3 dxc4
9.Bxc4 Nd5 10.Bxe7 Qxe7 11.O-O Rd8 12.Qc2 Nxc3 13.Qxc3 b6 14.b4 Bb7 15.Be2 Rdc8
16.Qb2 h6 17.Rfd1 Rc7 18.Rc3 Nf6 19.Rdc1 Rac8 20.h3 Nd5 21.Rb3 Ba8 22.Ne5 c5
23.bxc5 bxc5  1/2-1/2

[Event "Reggio Emilia8586"]
[Site "Reggio Emilia"]
[Date "1985.??.??"]
[Round "1"]
[White "Romanishin, Oleg M"]
[Black "Andersson, Ulf"]
[Result "1/2-1/2"]
[WhiteElo "2570"]
[BlackElo "2575"]

1.e4 c5 2.Nf3 e6 3.d3 Nc6 4.g3 g6 5.Bg5 Qc7 6.Nc3 Bg7 7.Qd2 a6 8.Bg2 d6 9.O-O Bd7
10.Rab1 Nd4 11.Ne1 h6 12.Be3 Qa5 13.a3 Ne7 14.f4 Rb8 15.Kh1 f5 16.Nf3 O-O
17.Bg1 Nxf3 18.Bxf3 Nc6 19.Bg2 Nd4 20.Qd1 Bc6 21.Ne2  1/2-1/2

[Event "Reggio Emilia8586"]
[Site "Reggio Emilia"]
[Date "1985.??.??"]
[Round "2"]
[White "Andersson, Ulf"]
[Black "Cebalo, Miso"]
[Result "1-0"]
[WhiteElo "2575"]
[BlackElo "2485"]

1.Nf3 Nf6 2.c4 d6 3.g3 e5 4.Bg2 g6 5.O-O Bg7 6.Nc3 O-O 7.d4 Nbd7 8.e4 c6
9.h3 Re8 10.Re1 a5 11.Rb1 Rb8 12.Be3 b5 13.dxe5 dxe5 14.Nd2 Bf8 15.cxb5 cxb5
16.Qe2 Bc5 17.Rbc1 Ba6 18.Nb3 Bxe3 19.Qxe3 a4 20.Nd2 Qa5 21.Red1 Rbc8 22.a3 b4
23.Na2 bxa3 24.bxa3 Qb6 25.Qxb6 Nxb6 26.Bf1 Rxc1 27.Rxc1 Rd8 28.Rc2 Bxf1
29.Kxf1 Rd4 30.f3 Nfd7 31.Ke2 Nf8 32.Rc6 Nbd7 33.Nb4 Ne6 34.Nc2 Ndc5 35.Rxc5 Nxc5
36.Nxd4 exd4 37.Nc4 Kf8 38.Ne5 Ke8 39.h4 h5 40.Nc6 Nb3 41.Kd3 Nc1+ 42.Kxd4 Ne2+
43.Ke3 Nc3 44.Nd4 Kd7 45.Kd3 Nb1 46.Nc2 Kd6 47.Kd4 f6 48.g4 Nd2 49.Ke3 Nc4+
50.Kf4 hxg4 51.fxg4 Ke7 52.g5 Kf7 53.Kg4 Nd2 54.Kf4 Nc4 55.gxf6 Kxf6 56.Ne3 Nxa3
57.Nd5+ Kg7 58.Nb6 Kh6 59.e5 Nb5 60.Nxa4 Nc7 61.Kg4 Ne6 62.Nc3 Kg7 63.Ne4 Nd4
64.Ng5 Nf5 65.Nf3 Kf7 66.Kf4 Ne7 67.Nd4 Kg7 68.Kg5 Kf7 69.Kf4 Kg7 70.Kg4  1-0

[Event "Reggio Emilia8586"]
[Site "Reggio Emilia"]
[Date "1985.??.??"]
[Round "3"]
[White "Lobron, Eric"]
[Black "Andersson, Ulf"]
[Result "1/2-1/2"]
[WhiteElo "2505"]
[BlackElo "2575"]

1.d4 Nf6 2.Nf3 d5 3.c4 e6 4.Nc3 Be7 5.Bg5 O-O 6.e3 Ne4 7.Bxe7 Qxe7 8.Rc1 Nf6
9.a3 Rd8 10.Qc2 Nbd7 11.h3 dxc4 12.Bxc4 c5 13.dxc5 Qxc5 14.Be2 Nb6 15.O-O Bd7
16.Ne4 Qxc2 17.Nxf6+ gxf6 18.Rxc2 Rac8 19.Rfc1 Rxc2 20.Rxc2 Rc8 21.Rxc8+ Nxc8
22.Kf1 Kf8 23.Bd3 h6 24.Ke2 Nd6 25.Nd2  1/2-1/2

[Event "Reggio Emilia8586"]
[Site "Reggio Emilia"]
[Date "1985.??.??"]
[Round "4"]
[White "Andersson, Ulf"]
[Black "Marjanovic, Slavoljub"]
[Result "1/2-1/2"]
[WhiteElo "2575"]
[BlackElo "2505"]

1.Nf3 d5 2.d4 Nf6 3.c4 dxc4 4.e3 Bg4 5.Bxc4 e6 6.h3 Bh5 7.Nc3 a6 8.O-O Nc6
9.Be2 Bd6 10.b3 O-O 11.Bb2 Qe7 12.Rc1 Rfd8 13.Nd2 Bg6 14.Nc4 e5 15.d5 Bb4
16.dxc6 Rxd1 17.Nxd1 b5 18.Nxe5 Ne4 19.Nxg6 hxg6 20.Nc3 Qf6 21.Nxe4 Qxb2
22.Bf3 Rd8 23.Rfd1 Rxd1+ 24.Rxd1 Be7 25.g4 Kf8 26.Kg2 Qxa2 27.Rd7 Qa5 28.Ng3 b4
29.Ne4 Bh4  1/2-1/2

[Event "Reggio Emilia8586"]
[Site "Reggio Emilia"]
[Date "1985.??.??"]
[Round "7"]
[White "Smejkal, Jan"]
[Black "Andersson, Ulf"]
[Result "0-1"]
[WhiteElo "2555"]
[BlackElo "2575"]

1.c4 e6 2.Nf3 Nf6 3.Nc3 d5 4.d4 Be7 5.Bg5 h6 6.Bxf6 Bxf6 7.e3 O-O 8.Rc1 c6
9.Bd3 Nd7 10.O-O dxc4 11.Bxc4 e5 12.Bb3 exd4 13.exd4 Re8 14.h3 Nf8 15.d5 Bd7
16.Qd2 Rc8 17.dxc6 Bxc6 18.Nd5 Ne6 19.Rfe1 Bxd5 20.Rxc8 Qxc8 21.Bxd5 Nc7
22.Rxe8+ Nxe8 23.Qb4 b6 24.b3 Nc7 25.Qc4 Qd7 26.Be4 b5 27.Qc2 g6 28.g3 Kg7
29.Kg2 Ne6 30.a4 bxa4 31.bxa4 Qd6 32.Qc4 Qc5 33.Qb3 Qc3 34.Qb5 Qb2 35.Bd5 Qxb5
36.axb5 Nc7 37.Bc4 Bc3 38.Kf1 Ne8 39.Ke2 Nd6 40.Kd3 Ba5 41.Ne5 Be1 42.g4 Bxf2
43.Nc6 Kf6 44.Ke2 Bb6 45.Bd3 Ke6 46.Kf3 Kd5 47.Nb4+ Kc5 48.Na6+ Kd4 49.Bf1 Nc4
50.Be2 Nd2+ 51.Kf4 Bd8 52.Bd1 Be7 53.Kg3 Bd6+ 54.Kg2 f5  0-1

[Event "Reggio Emilia8586"]
[Site "Reggio Emilia"]
[Date "1985.??.??"]
[Round "8"]
[White "Kavalek, Lubomir"]
[Black "Andersson, Ulf"]
[Result "1/2-1/2"]
[WhiteElo "2555"]
[BlackElo "2575"]

1.d4 Nf6 2.c4 e6 3.Nf3 d5 4.Nc3 Be7 5.Bg5 h6 6.Bh4 O-O 7.e3 b6 8.Be2 dxc4
9.Bxc4 Bb7 10.O-O Nbd7 11.Rc1 a6 12.a4 c5 13.Qe2 cxd4 14.exd4 Nh5 15.Bxe7 Qxe7
16.d5 Nf4 17.Qe3 Qf6 18.Ne4 Qf5 19.Ng3 Qf6 20.Ne4 Qf5 21.Ng3 Qf6 22.Ne4  1/2-1/2

[Event "Reggio Emilia8586"]
[Site "Reggio Emilia"]
[Date "1985.??.??"]
[Round "10"]
[White "Sosonko, Gennadi"]
[Black "Andersson, Ulf"]
[Result "1-0"]
[WhiteElo "2535"]
[BlackElo "2575"]

1.d4 Nf6 2.c4 e6 3.g3 Bb4+ 4.Bd2 Bxd2+ 5.Qxd2 d5 6.Bg2 Nbd7 7.Nf3 c6 8.b3 O-O
9.O-O b6 10.Ne5 Nxe5 11.dxe5 Nd7 12.f4 Qe7 13.Nc3 Ba6 14.Rfd1 Rfd8 15.cxd5 cxd5
16.e4 Rac8 17.Qe3 d4 18.Rxd4 Nc5 19.Rad1 Rxd4 20.Qxd4 h6 21.Bf1 Bxf1 22.Kxf1 Qb7
23.Kg2 Qc6 24.Qc4 Qa8 25.Rd6 b5 26.Qd4 Nb7 27.Rd7 Nc5 28.Rd6 Nb7 29.Ra6 Nc5  1-0

[Event "Sarajevo"]
[Site "Sarajevo"]
[Date "1985.??.??"]
[Round "2"]
[White "Andersson, Ulf"]
[Black "Mikhalchishin, Adrian"]
[Result "1/2-1/2"]
[WhiteElo "2575"]
[BlackElo "2505"]

1.Nf3 Nf6 2.c4 g6 3.Nc3 d5 4.cxd5 Nxd5 5.e4 Nxc3 6.dxc3 Qxd1+ 7.Kxd1 Bg4
8.Kc2 Bxf3 9.gxf3 Nd7 10.Be3 h5 11.Rd1 Bh6 12.f4 O-O-O 13.Bh3 c6 14.Rd4 Kc7
15.Rhd1 Nf6 16.Rxd8 Rxd8 17.Rxd8 Kxd8 18.Kd3 h4 19.e5 Nd5 20.Ke4 Nxe3 21.fxe3  1/2-1/2

[Event "Sarajevo"]
[Site "Sarajevo"]
[Date "1985.??.??"]
[Round "3"]
[White "Nogueiras, Jesus"]
[Black "Andersson, Ulf"]
[Result "1/2-1/2"]
[WhiteElo "2545"]
[BlackElo "2575"]

1.d4 Nf6 2.c4 e6 3.g3 Bb4+ 4.Bd2 Bxd2+ 5.Qxd2 d5 6.Bg2 c6 7.Nf3 b6 8.O-O O-O
9.Rc1 Nbd7 10.cxd5 cxd5 11.Na3 Ba6 12.Ne5 Nxe5 13.dxe5 Nd7 14.f4 Rc8 15.Rxc8 Qxc8
16.Rc1 Qd8 17.Nc2 Nb8 18.Nd4 Qe7 19.f5 exf5 20.e6 Bb7 21.Nxf5 Qxe6 22.Qg5 g6
23.Bh3 Qxe2 24.Nh6+  1/2-1/2

[Event "Sarajevo"]
[Site "Sarajevo"]
[Date "1985.??.??"]
[Round "4"]
[White "Andersson, Ulf"]
[Black "Kozul, Zdenko"]
[Result "1-0"]
[WhiteElo "2575"]
[BlackElo "2380"]

1.Nf3 Nf6 2.c4 g6 3.g3 Bg7 4.Bg2 O-O 5.O-O d6 6.Nc3 c6 7.d4 a6 8.e4 Nfd7
9.Re1 b5 10.e5 bxc4 11.e6 fxe6 12.Ng5 Nb6 13.Bh3 Kh8 14.Bxe6 Qe8 15.Bxc8 Nxc8
16.Ne6 Qf7 17.Nxf8 Qxf8 18.Ne4 Nd7 19.Ng5 Qf5 20.Ne6 Rb8 21.Qe2 Qd5 22.Bg5 c5
23.Qg4 cxd4 24.Nxg7 Kxg7 25.Qxd7 Qxg5 26.Qc7 Qb5 27.Rac1 Qxb2 28.Rxc4 d3
29.Rxe7+ Nxe7 30.Qxe7+  1-0

[Event "Sarajevo"]
[Site "Sarajevo"]
[Date "1985.??.??"]
[Round "5"]
[White "Drasko, Milan"]
[Black "Andersson, Ulf"]
[Result "1/2-1/2"]
[WhiteElo "2460"]
[BlackElo "2575"]

1.Nf3 Nf6 2.c4 e6 3.Nc3 d5 4.d4 Nbd7 5.cxd5 exd5 6.Bg5 c6 7.e3 Be7 8.Qc2 O-O
9.Bd3 Re8 10.O-O Nf8 11.h3 Ne4 12.Bf4 Ng5 13.Bxg5 Bxg5 14.b4 a6 15.a4 Be7
16.b5 axb5 17.axb5 Rxa1 18.Rxa1 Bd6 19.bxc6 bxc6 20.e4 dxe4 21.Nxe4 Qc7 22.Rc1 Bf4
23.Ned2  1/2-1/2

[Event "Sarajevo"]
[Site "Sarajevo"]
[Date "1985.??.??"]
[Round "6"]
[White "Andersson, Ulf"]
[Black "Dizdarevic, Emir"]
[Result "1-0"]
[WhiteElo "2575"]
[BlackElo "2425"]

1.Nf3 Nf6 2.c4 e6 3.d4 c5 4.e3 b6 5.Bd3 d6 6.O-O Nbd7 7.b3 Be7 8.Bb2 O-O
9.Nbd2 Re8 10.Qc2 Bb7 11.Ne4 h6 12.Rad1 Qc7 13.dxc5 bxc5 14.Rd2 Rad8 15.Rfd1 Bc6
16.Nxf6+ Bxf6 17.Bh7+ Kh8 18.Be4 Bxe4 19.Qxe4 Bxb2 20.Rxb2 Nf6 21.Qb1 Qc6
22.Rbd2 Rd7 23.Qc2 Kg8 24.h3 Red8 25.Rd3 Kf8 26.Nd2 Kg8 27.Nb1 a6 28.Nc3 Ne4
29.Nxe4 Qxe4 30.f3 Qc6 31.e4 a5 32.R1d2 Kf8 33.Qd1 Kg8 34.Kh2 Kf8 35.Kh1 Kg8
36.Qc2 Kf8 37.Rc3 Kg8 38.f4 a4 39.Rg3 axb3 40.axb3 Kf8 41.Qd3 Qa8 42.Rd1 Qc6
43.Kh2 f6 44.Re1 Re8 45.Qe2 Ra7 46.Rd1 Rd8 47.Rgd3 Rad7 48.R1d2 Kg8 49.Re3 Re7
50.Qh5 Kf8 51.Qd1 Red7 52.Qg4 Re7 53.Qh5 Qe8 54.Qe2 Kg8 55.Qg4 Kf8 56.Red3 Red7
57.Qd1 Ke7 58.Kh1 Qg6 59.e5 Qe4 60.Rxd6 Rxd6 61.Rxd6 Rxd6 62.Qxd6+ Kf7 63.Qd7+ Kg6
64.Qxe6 Qxf4 65.exf6 Qxf6 66.Qg4+ Kh7 67.Qe4+ Kh8 68.Qe3 Qd6 69.g4 Qc6+ 70.Kg1 Qd6
71.Kg2 Qc6+ 72.Kg3 Qd6+ 73.Kf3 Qf6+ 74.Ke4 Qd6 75.Qc3 Qc6+ 76.Kf4 Qd6+ 77.Qe5 Qd2+
78.Qe3 Qd6+ 79.Ke4 Kg8 80.Kf3 Qh2 81.Ke4 Qd6 82.Qc3 Qc6+ 83.Ke3 Qd6 84.Kf3 Qc6+
85.Kg3 Qd6+ 86.Kg2 Qe7 87.Qf3 Kh8 88.Kf1 Kg8 89.Kf2 Kh8 90.Qa8+ Kh7 91.Qd5 Kh8
92.Kf3 Qh4 93.Kg2 Qe7 94.Qf3 Kg8 95.Kf1 Kh8 96.Qf2 Kg8 97.h4 Kh8 98.h5 Qd6
99.Kg2 g6 100.hxg6 Qxg6 101.Qf8+ Kh7 102.Qe7+ Kg8 103.Qd8+ Kg7 104.Qd7+ Kh8
105.Kf3 Qb6 106.Kf4 Qb8+ 107.Kf5 Qxb3 108.Qe8+ Kg7 109.Qg6+ Kf8 110.Qxh6+  1-0

[Event "Sarajevo"]
[Site "Sarajevo"]
[Date "1985.??.??"]
[Round "7"]
[White "Chandler, Murray G"]
[Black "Andersson, Ulf"]
[Result "1/2-1/2"]
[WhiteElo "2585"]
[BlackElo "2575"]

1.e4 e6 2.d4 d5 3.Nc3 Nf6 4.e5 Nfd7 5.f4 c5 6.Nf3 Nc6 7.Be3 a6 8.dxc5 Nxc5
9.Bd3 Be7 10.Nd4 Bd7 11.O-O Rc8 12.Kh1 O-O 13.Nxc6 Bxc6 14.f5 Nxd3 15.Qxd3 f6
16.exf6 Bxf6 17.fxe6 d4 18.e7 Qxe7 19.Bxd4 Bxd4 20.Qxd4 Qg5 21.Qc4+ Kh8 22.Qe2 h6
23.h3 Rce8 24.Qg4 Qd2 25.Qg6 Rxf1+ 26.Rxf1 Re1 27.Rxe1 Qxe1+ 28.Kh2 Qc1 29.Qf5  1/2-1/2

[Event "Sarajevo"]
[Site "Sarajevo"]
[Date "1985.??.??"]
[Round "9"]
[White "Lalic, Bogdan"]
[Black "Andersson, Ulf"]
[Result "1/2-1/2"]
[WhiteElo "2440"]
[BlackElo "2575"]

1.d4 Nf6 2.c4 e6 3.g3 d5 4.Bg2 dxc4 5.Nf3 c5 6.O-O Nc6 7.Qa4 cxd4 8.Nxd4 Qxd4
9.Bxc6+ Bd7 10.Rd1 Qxd1+ 11.Qxd1 Bxc6 12.Nd2 b5 13.a4 Be7 14.axb5 Bxb5 15.Nxc4 O-O
16.b3 Rfd8 17.Qc2 Rdc8 18.Ba3 Bxa3 19.Rxa3 h6 20.Qb2 Bxc4 21.bxc4 Rxc4 22.Rxa7 Rf8
23.Rb7  1/2-1/2

[Event "Sarajevo"]
[Site "Sarajevo"]
[Date "1985.??.??"]
[Round "10"]
[White "Andersson, Ulf"]
[Black "Popovic, Petar"]
[Result "1-0"]
[WhiteElo "2575"]
[BlackElo "2540"]

1.Nf3 Nf6 2.c4 g6 3.Nc3 d5 4.Qa4+ Bd7 5.Qb3 dxc4 6.Qxc4 Bg7 7.g3 O-O 8.Bg2 Nc6
9.O-O Bg4 10.Qa4 Qd7 11.Kh1 e5 12.d3 h6 13.Be3 a6 14.Rac1 Rad8 15.Nd2 Nd4
16.Qxd7 Rxd7 17.Rfe1 c6 18.Nc4 Ne8 19.Nb6 Re7 20.Kg1 Nd6 21.Kf1 Be6 22.Bd2 Rd8
23.b3 f5 24.Nca4 Nc8 25.Ba5 Nxb6 26.Nxb6 Rde8 27.Bb4 Rf7 28.Nc4 Rd7 29.Nb6 Rf7
30.Nc4 Rd7 31.Bc3 Bf7 32.Nb6 Rdd8 33.Ba5 Rd6 34.Na4 Be6 35.e3 Nb5 36.Nc5 Re7
37.Bb4 Rf7 38.a4 Na7 39.Nxb7 Rxd3 40.Nc5 Rxb3 41.Nxb3 Bxb3 42.a5 e4 43.Kg1 Rb7
44.Bc5 Nb5 45.Bf1 Bb2 46.Bc4+ Bxc4 47.Rxc4 Bc3 48.Rc1 Bxa5 49.Ra1 Bd2 50.Ra2  1-0

[Event "Sarajevo"]
[Site "Sarajevo"]
[Date "1985.??.??"]
[Round "12"]
[White "Andersson, Ulf"]
[Black "Sax, Gyula"]
[Result "1/2-1/2"]
[WhiteElo "2575"]
[BlackElo "2565"]

1.Nf3 c5 2.g3 g6 3.c4 Bg7 4.d4 Qb6 5.e3 Nf6 6.Bg2 O-O 7.O-O d6 8.Nbd2 Qc7
9.Re1 Nc6 10.Qe2 b6 11.b3 a5 12.Bb2 a4 13.e4 Qd7 14.Red1  1/2-1/2

[Event "Rome"]
[Site "Rome"]
[Date "1986.??.??"]
[Round "?"]
[White "Kirov, Nino"]
[Black "Andersson, Ulf"]
[Result "1/2-1/2"]
[WhiteElo "2485"]
[BlackElo "2585"]

1.Nf3 Nf6 2.g3 g6 3.Bg2 Bg7 4.c4 c6 5.d4 O-O 6.Nc3 d5 7.cxd5 cxd5 8.Ne5 Bf5
9.O-O Ne4 10.Bf4 Nxc3 11.bxc3 Nc6 12.Qb3 Nxe5 13.Bxe5 Bxe5 14.dxe5 Qc7 15.Qxd5 Qxc3
16.Rfc1 Qb2 17.Qxb7 Qxe5 18.Qc7 Qxc7 19.Rxc7 Rfc8 20.Rxe7 Kf8 21.Rb7 Be6
22.a4 a5 23.Rb5 Ra7 24.Bd5 Bd7 25.Rb6 Rc5 26.e4 Bh3 27.Rc6 Rxc6 28.Bxc6 Rc7
29.Bb5 Rc5 30.Rd1 Rc3 31.Rb1 h5 32.Be2 Rc2 33.Bd1 Rd2 34.e5 Bd7 35.Bb3 Rd4
36.Ra1 g5 37.f3 Rb4 38.Ra3 Rd4 39.Bc2 Rc4 40.Ra2 Rc3 41.Kf2 Bc6 42.Bd1 Rc5
43.Rc2 Rxc2+ 44.Bxc2 Ke7  1/2-1/2

[Event "Rome"]
[Site "Rome"]
[Date "1986.??.??"]
[Round "?"]
[White "Tatai, Stefano"]
[Black "Andersson, Ulf"]
[Result "0-1"]
[WhiteElo "2405"]
[BlackElo "2585"]

1.d4 Nf6 2.c4 e6 3.Nf3 Bb4+ 4.Bd2 Bxd2+ 5.Qxd2 O-O 6.Nc3 d5 7.e3 Qe7 8.Rc1 Nbd7
9.Bd3 dxc4 10.Bxc4 e5 11.dxe5 Nxe5 12.Nxe5 Qxe5 13.Be2 Bf5 14.Nb5 c6 15.Qd4 Qb8
16.Nc3 Rd8 17.Qc5 Be6 18.Rd1 Rxd1+ 19.Bxd1 Nd7 20.Qd4 Qe5 21.Qxe5 Nxe5 22.b3 Rd8
23.Bc2 Nd3+ 24.Ke2 Nxf2 25.Rc1 Ng4 26.h3 Ne5 27.Na4 b6 28.Nb2 Kf8 29.Nd3 Nxd3
30.Bxd3 c5 31.Bc4 Ke7 32.Bxe6 Kxe6 33.Rc4 Ke5 34.b4 Rd5 35.a4 cxb4 36.Rxb4 h5
37.g4 Kd6 38.Rf4 f6 39.h4 Ke6 40.gxh5 Rxh5 41.Rg4 Kf7 42.Rd4 Kg6 43.Rg4+ Kh6
44.Kf3 Rc5 45.Rd4 Kh7 46.Rb4 Rf5+ 47.Kg4 Re5 48.Kf4 Ra5 49.Kf3 Rc5 50.Kg3 Rc3
51.Kf3 Ra3 52.Kf2 Kh6 53.Kf3 Kh5 54.Rg4  0-1

[Event "Sao Paulo"]
[Site "Sao Paulo"]
[Date "1986.??.??"]
[Round "?"]
[White "Andersson, Ulf"]
[Black "Mascarenhas, Alberto"]
[Result "1-0"]
[WhiteElo "2585"]
[BlackElo "1970"]

1.Nf3 f5 2.d4 Nf6 3.g3 g6 4.Bg2 Bg7 5.O-O O-O 6.c4 d6 7.Nc3 Nc6 8.d5 Ne5
9.Nxe5 dxe5 10.Qb3 Nh5 11.Rd1 Kh8 12.a4 a5 13.c5 h6 14.Bd2 g5 15.Rac1 f4
16.Be1 Nf6 17.Ne4 Bg4 18.Qb5 Qd7 19.Qxd7 Bxd7 20.c6 bxc6 21.dxc6 Bg4 22.Kf1 Nxe4
23.Bxe4 Bh3+ 24.Kg1 Bg4 25.f3 Be6 26.Rd7 Ra7 27.Rxe7 Bb3 28.Rc5  1-0

[Event "Sao Paulo"]
[Site "Sao Paulo"]
[Date "1986.??.??"]
[Round "?"]
[White "Sveshnikov, Evgeny"]
[Black "Andersson, Ulf"]
[Result "0-1"]
[WhiteElo "2560"]
[BlackElo "2585"]

1.e4 c5 2.c3 d5 3.exd5 Qxd5 4.d4 e6 5.Nf3 Nf6 6.Be2 Nc6 7.O-O cxd4 8.cxd4 Be7
9.Nc3 Qd8 10.Be3 O-O 11.Ne5 Nb4 12.Bf3 Nbd5 13.Qb3 Nxe3 14.fxe3 Nd7 15.Nxd7 Qxd7
16.Rad1 Qc7 17.d5 Bc5 18.Ne4 Bb6 19.d6 Qd8 20.Qa3 Bd7 21.Nc5 Rc8 22.b4 a5
23.Nxd7 Qxd7 24.bxa5 Bc5 25.Qb3 Ra8 26.Bg4 Bxd6 27.Rf2 Qe7 28.Rdf1 Kh8 29.g3 f5
30.Bf3 Rxa5 31.Qxb7 Qxb7 32.Bxb7 g6 33.Kg2 Rb8 34.Bf3 Re5 35.Re1 Kg7 36.Rfe2 Kf6
37.e4 Rb4 38.Rd2 fxe4 39.Rxe4 Rexe4 40.Bxe4 Rxe4 41.Rxd6 Re2+ 42.Kh3 Rxa2
43.g4 Ra3+ 44.Kg2 h5 45.gxh5 gxh5 46.Rd4 Re3 47.Kf2 Re5 48.Ra4 Rg5 49.Kf3 Rd5
50.Kg3 Ke5 51.Kf3 Rd3+ 52.Kf2 Rd4 53.Ra5+ Rd5 54.Ra4 Kf5 55.Rh4 Kg5 56.Rc4 Kf6
57.Ra4 Rd2+ 58.Kg3 Re2 59.Ra5 e5 60.Ra8 Re4 61.h3 Re1 62.Rh8 Kg6 63.Rg8+ Kf5
64.Rh8 Re3+ 65.Kh4 e4 66.Rf8+ Ke5 67.Re8+ Kd4 68.Rd8+ Kc3 69.Ra8 Rd3 70.Kxh5 e3
71.Ra3+ Kd4 72.Ra2 Rd2 73.Ra8 Rg2 74.Rd8+ Ke4 75.Re8+ Kf3 76.Rf8+ Kg3 77.h4 e2
78.Rg8+ Kf2 79.Rf8+ Ke1 80.Kh6 Rg4 81.h5 Kd2 82.Re8 Kd3 83.Rxe2 Kxe2 84.Kh7 Kf3
85.h6 Kf4 86.Kh8 Kf5 87.h7 Kg6  0-1

[Event "Sao Paulo"]
[Site "Sao Paulo"]
[Date "1986.??.??"]
[Round "?"]
[White "Quinteros, Miguel A"]
[Black "Andersson, Ulf"]
[Result "0-1"]
[WhiteElo "2510"]
[BlackElo "2585"]

1.d4 Nf6 2.c4 e6 3.Nf3 Bb4+ 4.Bd2 Bxd2+ 5.Qxd2 O-O 6.Nc3 d5 7.e3 Qe7 8.Rc1 Nbd7
9.cxd5 exd5 10.Bd3 c6 11.Qc2 Re8 12.O-O Ne4 13.Bxe4 dxe4 14.Nd2 Nf6 15.Rb1 g6
16.b4 Bf5 17.b5 c5 18.dxc5 Qxc5 19.Qb2 Rac8 20.Ne2 Qe5 21.a4 h5 22.Qxe5 Rxe5
23.Rfc1 Rec5 24.Nb3 Rxc1+ 25.Rxc1 Rxc1+ 26.Nexc1 Kf8 27.Kf1 Ke7 28.Ke2 Kd6
29.h3 Nd5 30.Kd2 Nb6 31.a5 Nd5 32.Ne2 Bd7 33.Nc3 Nxc3 34.Kxc3 Bxb5 35.h4 Ba4
36.Nd2 Kd5 37.g3 f6 38.Kb4 Bc2 39.Kc3 Bd1 40.Kb4 Bc2 41.Kc3 Bd1 42.Nb1 g5
43.Na3 Kc5 44.Nc4 Bf3 45.Nd2 Kb5 46.Nc4 Kc5 47.Nd2 Bg2 48.Nb3+ Kb5 49.Kd4 gxh4
50.gxh4 Kb4 51.Nc5 Kxa5 52.Nxb7+ Kb4 53.Nd8 Kb3 54.Nc6 a6 55.Kd5 Kc3 56.Ke6 Kd2
57.Kxf6 Ke2 58.Kg5 Bf3 59.Kf4 Kxf2 60.Na5 Kg2 61.Nb7 Kh3 62.Kg5 Kg3 63.Na5 Kg2
64.Kf4 Kf1 65.Nb7 Ke2 66.Na5 Kd3 67.Nb7 Kc4 68.Kf5 Kb4 69.Nd8 a5 70.Nc6+ Kb5
71.Nd4+ Kc4  0-1

[Event "Sao Paulo"]
[Site "Sao Paulo"]
[Date "1986.??.??"]
[Round "?"]
[White "Milos, Gilberto"]
[Black "Andersson, Ulf"]
[Result "1/2-1/2"]
[WhiteElo "2430"]
[BlackElo "2585"]

1.d4 Nf6 2.c4 e6 3.Nc3 d5 4.Bg5 Be7 5.Nf3 O-O 6.e3 h6 7.Bh4 b6 8.Rc1 Bb7
9.cxd5 Nxd5 10.Bxe7 Qxe7 11.Nxd5 Bxd5 12.a3 Rc8 13.Bc4 Bb7 14.O-O c5 15.Qe2 cxd4
16.Nxd4 Nc6 17.Nf3 Rc7 18.Ba6 Bxa6 19.Qxa6 Rd8 20.Qa4 Rdc8 21.Rc3 Na5 22.Rxc7 Qxc7
23.Rd1 Qc6 24.Qxc6 Nxc6 25.Rc1 Ne7 26.Rxc8+ Nxc8 27.Kf1 Kf8 28.Ke2 Ke7 29.Ne5 f6
30.Nc6+ Kd6 31.Nd4 a6 32.Kd3 Ne7 33.e4 Ng6 34.Kc3 Ne5 35.h3 Nd7 36.Ne2 g5
37.f3 Ne5 38.Kd4 Nc6+ 39.Kc4 Ne5+ 40.Kd4 Nc6+ 41.Kd3 h5 42.f4  1/2-1/2

[Event "Sao Paulo"]
[Site "Sao Paulo"]
[Date "1986.??.??"]
[Round "?"]
[White "Andersson, Ulf"]
[Black "Van Riemsdijk, Dirk D"]
[Result "1-0"]
[WhiteElo "2585"]
[BlackElo "2280"]

1.Nf3 d5 2.d4 Bg4 3.Ne5 Bh5 4.c4 f6 5.g4 fxe5 6.gxh5 exd4 7.Bg2 Nf6 8.cxd5 c6
9.Qxd4 cxd5 10.Nc3 Nc6 11.Qh4 e6 12.O-O Be7 13.Qh3 Kf7 14.e4 d4 15.Ne2 d3
16.Nf4 d2 17.Qxe6+ Ke8 18.Rd1 Nd4 19.Qe5 Nc6 20.Qf5 dxc1=Q 21.Raxc1 Qa5 22.e5 Rd8
23.Bxc6+ bxc6 24.Rxd8+ Bxd8 25.Qe6+ Kf8 26.Rc3 Qb4 27.Rd3 Qe7 28.exf6 gxf6
29.Rd7  1-0

[Event "Sao Paulo"]
[Site "Sao Paulo"]
[Date "1986.??.??"]
[Round "?"]
[White "Andersson, Ulf"]
[Black "Ioseliani, Nana"]
[Result "1-0"]
[WhiteElo "2585"]
[BlackElo "2310"]

1.Nf3 d5 2.d4 Nf6 3.c4 e6 4.Nc3 Be7 5.Bg5 h6 6.Bxf6 Bxf6 7.Rc1 O-O 8.e3 b6
9.Bd3 Bb7 10.O-O dxc4 11.Bxc4 Nd7 12.Qe2 c5 13.Rfd1 Qe7 14.Ba6 Bc6 15.d5 exd5
16.Nxd5 Bxd5 17.Rxd5 Rad8 18.Rcd1 Ne5 19.Nxe5 Bxe5 20.b3 Rxd5 21.Rxd5 Rd8
22.Rxd8+ Qxd8 23.Qh5 Bf6 24.g3 Qd7 25.h4 Kh7 26.Qf3 Bc3 27.Bc4 Kg8 28.Qa8+ Kh7
29.h5 Qf5 30.Qd8 Bf6 31.Qe8 Qxh5 32.Bxf7 Qd1+ 33.Kg2 h5 34.Qg8+ Kh6 35.Qh8+  1-0